000 01342nam a22003857a 4500
003 CHAP
005 20220817043947.0
008 040923d2003 ii r 00110 eng d
010 _a88840
011 _a89812
020 _a9290905077
035 _a100363
040 _cCHAP
090 _aFolleto 16778
100 0 0 _aKikuchi, M.
_963195
245 1 0 _aAgro-well and pump diffusion in the dry zone of Sri Lanka :
_bpast trends, present status and future prospects
_c/by M. Kikuchi (and others)
260 _aColombo, Sri Lanka :
_bInternational Water management Institute,
_c2003.
300 _a48 p. ;
_bgráfs.
410 0 0 _aInternational Water Management Institute
490 0 _aResearch report
_v; 66
590 _aBATCH-UPD
_b10
_c20130110
_lUCH01
_h0504
590 _aBATCH-UPD
_b10
_c20130110
_lUCH01
_h2231
590 _aBATCH-UPD
_b10
_c20130410
_lUCH01
_h0142
590 _aBATCH-UPD
_b10
_c20130914
_lUCH01
_h0656
590 _aCONVERSION
_b10
_c20130109
_lUCH01
_h1349
650 1 4 _aBombeo.
_913625
650 1 4 _aCultivos
_xIrrigación.
_930287
650 1 4 _aSistemas de riego.
_9106772
810 0 0 _aInternational Water Management Institute
830 0 _aResearch report
_v; 66
_996080
901 _aBK
905 _aAlejandra Carrasco M.
942 _cFOLL
949 _aFolleto 16778
_bBC
_cFOLL
_d33724002001579
_eTS1
_i100363
_sb
999 _c88840
_d88840